Những biến đổi kinh tế - xã hội của hộ gia đình
Shranjeno v:
| Glavni avtor: | |
|---|---|
| Format: | Knjiga |
| Izdano: |
Hà Nội
Khoa học xã hội
2007
|
| Oznake: |
Označite
Brez oznak, prvi označite!
|
| Thư viện lưu trữ: | Trung tâm Học liệu Lê Vũ Hùng, Trường Đại học Đồng Tháp |
|---|
| LEADER | 00641pam a22001938a 4500 | ||
|---|---|---|---|
| 001 | 00039413 | ||
| 005 | 20171026081025.0 | ||
| 008 | 170519s2007 ||||||Viesd | ||
| 041 | 0 | # | |a Vie |
| 082 | 1 | 4 | |a 306.8 |b NH556B |
| 100 | 1 | # | |a Vũ Tuấn Anh |
| 245 | 1 | 0 | |a Những biến đổi kinh tế - xã hội của hộ gia đình |c Vũ Tuấn Anh; Nguyễn Xuân Mai |
| 260 | # | # | |a Hà Nội |b Khoa học xã hội |c 2007 |
| 300 | # | # | |a 430tr. |c 21 cm |
| 852 | # | # | |j KD.1001718 |b Kho đọc |
| 910 | |d 19/05/2017 | ||
| 980 | # | # | |a Trung tâm Học liệu Lê Vũ Hùng, Trường Đại học Đồng Tháp |